[Event "TUR Cup"]
[Site "Antalya"]
[Date "2017.02.04"]
[Round "11"]
[White "Yildiz, Mehmet"]
[Black "Yilmaz, Ezgi"]
[Result "1-0"]
[WhiteElo "1753"]
[BlackElo "1866"]
[PlyCount "81"]
[EventDate "2017.01.28"]
[EventType "swiss"]
[EventRounds "11"]
[EventCountry "TUR"]
[SourceTitle "EXT 2018"]
[Source "ChessBase"]
[SourceDate "2017.10.13"]
[SourceVersion "1"]
[SourceVersionDate "2017.10.13"]
[SourceQuality "1"]

1. e3 c5 2. b3 Nf6 3. Bb2 d5 4. d4 e6 5. Nf3 cxd4 6. Qxd4 Nc6 7. Bb5 Bd7 8. Bxc6 bxc6 9. Qh4 Be7 10. Qg3 Rg8 11. Nbd2 Qa5 12. 0-0 h6 13. Rfd1 Kf8 14. Ne5 Be8 15. c4 g5 16. Qf3 Qd8 17. Nf1 g4 18. Qf4 Rg5 19. Ng3 Kg8 20. e4 Rb8 21. Qe3 Qb6 22. Qe2 h5 23. exd5 cxd5 24. Qd2 Nh7 25. cxd5 exd5 26. Qxd5 h4 27. Ne4 Rf5 28. Qd2 Qe6 29. Nxg4 Rh5 30. Qd4 f6 31. Qxa7 Rb4 32. Qa8 Kf7 33. f3 Bc6 34. Qa6 h3 35. Rac1 Bxe4 36. Qxe6+ Kxe6 37. fxe4 Rxe4 38. Nf2 Re2 39. Re1 Rxe1+ 40. Rxe1+ Kf7 41. Nxh3 1-0

[Event "TUR Cup"]
[Site "Antalya"]
[Date "2017.01.31"]
[Round "5"]
[White "Yildiz, Mehmet"]
[Black "Unat, Can Haktan"]
[Result "0-1"]
[WhiteElo "1753"]
[BlackElo "1943"]
[PlyCount "54"]
[EventDate "2017.01.28"]
[EventType "swiss"]
[EventRounds "11"]
[EventCountry "TUR"]
[SourceTitle "CBM 176 Extra"]
[Source "ChessBase"]
[SourceDate "2017.03.02"]
[SourceVersion "1"]
[SourceVersionDate "2017.03.02"]
[SourceQuality "1"]

1. e4 c5 2. Nf3 e6 3. d4 cxd4 4. Nxd4 Nc6 5. c4 Nf6 6. Nc3 Bb4 7. Nc2 Bxc3+ 8. bxc3 0-0 9. f3 d5 10. Be2 dxe4 11. Qxd8 Rxd8 12. Bg5 exf3 13. gxf3 b6 14. Na3 Bb7 15. Rg1 Kf8 16. Kf2 Ke7 17. Bh4 Kf8 18. Rxg7 Kxg7 19. Rg1+ Kf8 20. Bxf6 Rd6 21. f4 Ne7 22. c5 Rd2 23. Bg7+ Ke8 24. Nc4 Rxe2+ 25. Kxe2 Ba6 26. Bf6 Bxc4+ 27. Kf2 bxc5 0-1

[Event "TUR Cup"]
[Site "Antalya"]
[Date "2017.01.30"]
[Round "4"]
[White "Yigit, Ahmet Yasir"]
[Black "Yildiz, Mehmet"]
[Result "1/2-1/2"]
[WhiteElo "1943"]
[BlackElo "1753"]
[PlyCount "52"]
[EventDate "2017.01.28"]
[EventType "swiss"]
[EventRounds "11"]
[EventCountry "TUR"]
[SourceTitle "CBM 176 Extra"]
[Source "ChessBase"]
[SourceDate "2017.03.02"]
[SourceVersion "1"]
[SourceVersionDate "2017.03.02"]
[SourceQuality "1"]

1. e4 Nc6 2. d4 e5 3. Nf3 exd4 4. Bc4 d5 5. exd5 Na5 6. Qxd4 Nxc4 7. Qxc4 Nf6 8. Nc3 Bd6 9. 0-0 0-0 10. Bg5 Bf5 11. Nb5 h6 12. Nxd6 Qxd6 13. Bf4 Qxd5 14. Qxc7 Rac8 15. Qe5 Bxc2 16. Qe3 Qa5 17. Be5 Ng4 18. Qf4 Nxe5 19. Nxe5 Rfe8 20. Nf3 Bg6 21. Qg4 Kh7 22. h4 Qb5 23. b3 Rc5 24. Rac1 Re4 25. Qh3 Rh5 26. g4 Rc5 1/2-1/2

[Event "TUR Cup"]
[Site "Antalya"]
[Date "2017.01.29"]
[Round "2"]
[White "Odabasi, Nail"]
[Black "Yildiz, Mehmet"]
[Result "0-1"]
[WhiteElo "1423"]
[BlackElo "1753"]
[PlyCount "88"]
[EventDate "2017.01.28"]
[EventType "swiss"]
[EventRounds "11"]
[EventCountry "TUR"]
[SourceTitle "CBM 176 Extra"]
[Source "ChessBase"]
[SourceDate "2017.03.02"]
[SourceVersion "1"]
[SourceVersionDate "2017.03.02"]
[SourceQuality "1"]

1. d4 Nf6 2. c4 g6 3. Nc3 d5 4. Nf3 Bg7 5. Bg5 c6 6. e3 Ne4 7. Nxe4 dxe4 8. Nd2 f5 9. Be2 Na6 10. h4 Be6 11. g4 0-0 12. gxf5 Bxf5 13. Qb3 Qd7 14. 0-0-0 c5 15. Qb5 Qc7 16. Nb3 Bd7 17. Qa5 Qxa5 18. Nxa5 Rxf2 19. Rd2 cxd4 20. exd4 b6 21. Nb3 Nb4 22. a3 Nc6 23. Be3 Rg2 24. c5 Rg3 25. Bc4+ Kh8 26. Bf4 Rf3 27. Rf1 b5 28. Rxf3 bxc4 29. Rc3 cxb3 30. Rxb3 Nxd4 31. Re3 Bc6 32. b4 e5 33. Bg5 a5 34. bxa5 Rxa5 35. Rb2 Rxc5+ 36. Kb1 h6 37. Rb8+ Kh7 38. Be7 Rc4 39. Rb4 Rxb4+ 40. axb4 Nf5 41. Bc5 Nxe3 42. Bxe3 Kg8 43. Kc2 Kf7 44. Kc3 Bb5 0-1

[Event "Manavgat Turkey Cup"]
[Site "Manavgat"]
[Date "2016.02.02"]
[Round "5"]
[White "Yildiz, Mehmet"]
[Black "Alaoglu, Niyazi Bekirhan"]
[Result "1-0"]
[WhiteElo "2012"]
[BlackElo "1604"]
[PlyCount "95"]
[EventDate "2016.01.30"]
[EventType "swiss"]
[EventRounds "11"]
[EventCountry "TUR"]
[SourceTitle "CBM 170 Extra"]
[Source "ChessBase"]
[SourceDate "2016.02.25"]
[SourceVersion "1"]
[SourceVersionDate "2016.02.25"]
[SourceQuality "1"]

1. e4 c5 2. Bc4 e6 3. e5 d5 4. exd6 Bxd6 5. Nf3 Nf6 6. 0-0 0-0 7. d3 h6 8. Nc3 a6 9. a4 Qc7 10. Qe2 b6 11. Ne4 Be7 12. b4 cxb4 13. Bb2 Nbd7 14. Nfd2 Bb7 15. f4 Rac8 16. f5 exf5 17. Rxf5 Nxe4 18. Nxe4 Bxe4 19. Qxe4 Bf6 20. Bxf6 Nxf6 21. Rxf6 gxf6 22. Qg6+ Kh8 23. Qxh6+ Kg8 24. Qg6+ Kh8 25. Qxf6+ Kg8 26. Rf1 Qc5+ 27. d4 Qxc4 28. Qg6+ Kh8 29. Rf4 Qxc2 30. Qf6+ Kg8 31. Rg4+ Qg6 32. Rxg6+ fxg6 33. Qxg6+ Kh8 34. h4 b3 35. Qh6+ Kg8 36. Qe3 Kh8 37. Qxb3 Rc6 38. d5 Rg6 39. a5 Rg5 40. Qxb6 Rh5 41. Qg6 Rh7 42. Qxa6 Rg8 43. Qf6+ Rgg7 44. d6 Kg8 45. Qe6+ Kh8 46. d7 Rxg2+ 47. Kxg2 Rg7+ 48. Kf3 1-0

[Event "Manavgat Turkey Cup"]
[Site "Manavgat"]
[Date "2016.01.31"]
[Round "2"]
[White "Yuksel, Davut Can"]
[Black "Yildiz, Mehmet"]
[Result "1-0"]
[WhiteElo "1735"]
[BlackElo "2012"]
[PlyCount "93"]
[EventDate "2016.01.30"]
[EventType "swiss"]
[EventRounds "11"]
[EventCountry "TUR"]
[SourceTitle "CBM 170 Extra"]
[Source "ChessBase"]
[SourceDate "2016.02.25"]
[SourceVersion "1"]
[SourceVersionDate "2016.02.25"]
[SourceQuality "1"]

1. e4 g6 2. d4 Bg7 3. Nc3 e6 4. f4 d5 5. e5 Ne7 6. Nf3 Nd7 7. Be2 a6 8. Be3 c5 9. 0-0 cxd4 10. Nxd4 Nc6 11. a4 Bf8 12. Qd2 Qc7 13. Rfd1 b6 14. Bf3 Bb7 15. Nce2 Na5 16. b3 Rc8 17. c3 Nc5 18. Rab1 Be7 19. Rdc1 0-0 20. g4 Ne4 21. Qe1 Qd7 22. Bxe4 dxe4 23. f5 Rfd8 24. f6 Bf8 25. Qh4 Nc6 26. Nxc6 Qxc6 27. Nd4 Qd5 28. Qg3 Rc5 29. b4 Rc4 30. h4 Rdc8 31. Ne2 Qc6 32. b5 axb5 33. axb5 Qc7 34. h5 Bc5 35. Nd4 Ba3 36. hxg6 Rxc3 37. Rxc3 Qxc3 38. gxf7+ Kxf7 39. Qh3 Kg8 40. Qh6 Bf8 41. Qg5+ Kh8 42. Nxe6 Qd3 43. Re1 Qd7 44. Qf5 Bb4 45. f7 Be7 46. Bh6 Bc5+ 47. Kh2 1-0